000
00245nam a2200097Ia 4500
008
230907s9999||||xx |||||||||||||| ||und||
082
_a
621.8
_b
SUB
245
0
_a
Rotor and structural dynamics of turbomachinery /
300
_a
289 p.
942
_c
BK
999
_c
598525
_d
598525